BJP-led government and elections 1999 / (Record no. 123433)

MARC details
000 -LEADER
fixed length control field 00723nam a22002537a 4500
003 - CONTROL NUMBER IDENTIFIER
control field 0
005 - DATE AND TIME OF LATEST TRANSACTION
control field 20180728132223.0
008 - FIXED-LENGTH DATA ELEMENTS--GENERAL INFORMATION
fixed length control field 0
010 ## - LIBRARY OF CONGRESS CONTROL NUMBER
LC control number A-998210
020 ## - INTERNATIONAL STANDARD BOOK NUMBER
International Standard Book Number 8175410493
Terms of availability 00.00
035 ## - SYSTEM CONTROL NUMBER
System control number A-998210, A-998211
037 ## - SOURCE OF ACQUISITION
Source of stock number/acquisition Cen Lib/Ret
040 ## - CATALOGING SOURCE
Original cataloging agency DPL
Language of cataloging EN
Transcribing agency 0
082 ## - DEWEY DECIMAL CLASSIFICATION NUMBER
Classification number 324.954
Item number BHA
100 ## - MAIN ENTRY--PERSONAL NAME
Personal name Bhambhri, C. P.
9 (RLIN) 5649
245 ## - TITLE STATEMENT
Title BJP-led government and elections 1999 /
Statement of responsibility, etc by C. P. Bhambhri
260 ## - PUBLICATION, DISTRIBUTION, ETC. (IMPRINT)
Place of publication, distribution, etc Delhi
Name of publisher, distributor, etc Shipra Publications
Date of publication, distribution, etc 2000
270 ## - ADDRESS
Address 115-A,Vikas marg Shakarpur
City Delhi
Postal code 110092
300 ## - PHYSICAL DESCRIPTION
Extent 232p.
Dimensions 21cm(Hb)
500 ## - GENERAL NOTE
General note Inculdes index
650 ## - SUBJECT ADDED ENTRY--TOPICAL TERM
Topical term or geographic name as entry element Political science
9 (RLIN) 91592
650 ## - SUBJECT ADDED ENTRY--TOPICAL TERM
Topical term or geographic name as entry element Election-System
Geographic subdivision India
9 (RLIN) 91593
942 ## - ADDED ENTRY ELEMENTS (KOHA)
Source of classification or shelving scheme Dewey Decimal Classification
Koha item type English Books
Classification part 324.954
Call number suffix BHA
Holdings
Withdrawn status Lost status Damaged status Not for loan Home library Current library Date acquired Source of acquisition Cost, normal purchase price Total Checkouts Full call number Barcode Date last seen Copy number Cost, replacement price Price effective from Koha item type Public note Source of classification or shelving scheme Collection code
Written off       Central Library Central Library 06/06/2015 Cen Lib/Ret 0.00   324.954 BHA A-998210 06/06/2015 1 0.00 06/06/2015 English Books W/d List No. 6888/25 ; dtd 09/09/2020    
        Patel Nagar Patel Nagar 28/07/2018 BPPD/PUB 395.00   324.954 BHA A-998211 28/07/2018   395.00 28/07/2018 English Books   Dewey Decimal Classification Non-fiction

© Delhi Public Library
Hit Counter
free hit counter